00406 2200157 4500001002100000008004100021035002000062245004000082100001600122260003200138300002200170020002200192084001400214082000800228990001200236INLIS000000000002750 IND  a0010-0925000097 aTitip Rindu Untuk AyahcTerry Oktav aTerry Oktav aJakartabRumah Oranyec2014 a260c(13 x 19 cm) a978-602-1588-41-3 a813 TER c a813 a0754972